Hacienda Pública Española (Registro nro. 25177)
[ vista simple ]
| 000 -CABECERA | |
|---|---|
| Longitud fija campo de control | 01258nas a2200349 c 4500 |
| 001 - NÚMERO DE CONTROL | |
| Número de control | 25177 |
| 003 - IDENTIFICADOR DE NÚMERO DE CONTROL | |
| Identificador del número de control | ES-MaCES |
| 005 - FECHA Y HORA DE LA ÚLTIMA TRANSACCIÓN | |
| Fecha y hora de la última transacción | 20250128102003.0 |
| 007 - PHYSICAL DESCRIPTION FIXED FIELD--GENERAL INFORMAT | |
| Campo fijo de descripción física | cr ||||||||||| |
| 008 - CAMPO FIJO DE DESCRIPCIÓN FIJA--INFORMACIÓN GENERAL | |
| Códigos de información de longitud fija | 931209c1900 sp f| | |spa d |
| 022 1# - ISSN (INTERNATIONAL STANDARD SERIAL NUMBER) | |
| Número Internacional Normalizado para Publicaciones Seriadas | 0210-1173 |
| 035 ## - NÚMERO DE CONTROL DEL SISTEMA | |
| Número de control del sistema | CES19980001573p |
| Número de control cancelado;no válido | 10160 |
| 040 ## - FUENTE DE CATALOGACIÓN | |
| Centro catalogador de origen | ES-MaCES |
| Lengua de catalogación | spa |
| Centro transcriptor | ES-MaCES |
| 245 00 - MENCIÓN DE TÍTULO | |
| Título | Hacienda Pública Española |
| Nombre de parte o sección de la obra | Monografías |
| Mención de responsabilidad, etc. | [Ministerio de Economía y Hacienda, Instituto de Estudios Fiscales] |
| 260 ## - PUBLICACIÓN, DISTRIBUCIÓN, ETC (PIE DE IMPRENTA) | |
| Lugar de publicación, distribución, etc. | [Madrid (Cardenal H. Oria, 378, 28035)] |
| Nombre del editor, distribuidor, etc. | Instituto de Estudios Fiscales |
| 300 ## - DESCRIPCIÓN FÍSICA | |
| Extensión | v. |
| Dimensiones | 25 cm |
| 310 ## - PERIODICIDAD ACTUAL DE LA PUBLICACIÓN | |
| Periodicidad actual | Semestral |
| 500 ## - NOTA GENERAL | |
| Nota general | Descripción basada en: 1992, n. 1 |
| 541 ## - NOTA DE LA FUENTE INMEDIANTE DE ADQUISICIÓN | |
| Forma de adquisición | Gratuito |
| 650 #4 - ASIENTO SECUNDARIO DE MATERIA--TÉRMINO DE MATERIA | |
| Término de materia o nombre geográfico como elemento inicial | administración fiscal |
| 9 (RLIN) | 27209 |
| 653 10 - TÉRMINO DE INDEXACIÓN--NO CONTROLADO | |
| Término no controlado | Fiscalidad |
| 710 1# - ENCABEZAMIENTO SECUNDARIO--NOMBRE CORPORATIVO | |
| Nombre de entidad o nombre de jurisdicción como elemento inicial | España |
| Unidad subordinada | Ministerio de Economía y Hacienda |
| 9 (RLIN) | 3237 |
| 710 2# - ENCABEZAMIENTO SECUNDARIO--NOMBRE CORPORATIVO | |
| Nombre de entidad o nombre de jurisdicción como elemento inicial | Instituto de Estudios Fiscales (Madrid) |
| 9 (RLIN) | 4158 |
| 772 0# - ENTRADA DE PUBLICACIÓN PRINCIPAL | |
| Título | Hacienda Pública Española |
| Número de control del registro relacionado | (ES-MaCES)25050 |
| 853 21 - LEYENDAS Y PATRÓN--UNIDAD BIBLIOGRÁFICA BÁSICA | |
| Segundo nivel de enumeración | n. |
| Primer nivel de cronología | año |
| Continuidad en la numeración | r |
| Frecuencia | x |
| 856 4# - ACCESO ELECTRÓNICO | |
| Identificador Uniforme del Recurso (URI) | http://www.ief.es/Destacados/publicaciones/revistas/HP.vbhtml |
| Texto del enlace | Tabla de contenido |
| 866 #0 - FUENTES TEXTUALES--UNIDAD BIBLIOGRÁFICA BÁSICA | |
| Holdings textuales | 1992-2004. |
| Nota pública | Ubicación: DEPÓSITO - 10160 |
| 905 ## - CES. DATOS REVISTA | |
| Boletín de sumarios (Sirtex 591$a) | Boletín A |
| Kardex | SÍ |
| Abreviatura boletín | HacPubEspMon |
| Proceso | A |
| 942 ## - ELEMENTOS KOHA | |
| Fuente de clasificaión o esquema | Clasificación propia del CES |
| Koha [por defecto] tipo de item | Periódicas |
| Parte de clasificación | Fiscalidad |
| Serie de enumeración ; cronología | Número de registro | Préstamos totales | Tipo de item de Koha | Fecha último préstamo |
|---|---|---|---|---|
| N. 1 (1992) | 000543 | Periódicas | ||
| N. 2 (1992) | 000544 | Periódicas | ||
| N. 1 (1993) | 000545 | Periódicas | ||
| N. 1 (1995) | 014361 | Periódicas | ||
| N. 1 (1997) | 029563 | Periódicas | ||
| N. 1 (1996) | 029564 | Periódicas | ||
| N. 1 (1998) | 031698 | Periódicas | ||
| N. 1 (2000) | 040961 | 1 | Periódicas | 15/01/2015 |
| N. 1 (2001) | 046336 | Periódicas | ||
| n. 1 (2002) | 050603 | Periódicas | ||
| n. 1 (2003) | 055467 | Periódicas | ||
| n. 1 (2004) | 059951 | Periódicas |
